| 000 -LEADER |
| fixed length control field |
01189nam a22001817a 4500 |
| 005 - DATE AND TIME OF LATEST TRANSACTION |
| control field |
20211026143435.0 |
| 008 - FIXED-LENGTH DATA ELEMENTS--GENERAL INFORMATION |
| fixed length control field |
211026b ||||| |||| 00| 0 eng d |
| 020 ## - INTERNATIONAL STANDARD BOOK NUMBER |
| International Standard Book Number |
9781471828874 |
| 040 ## - CATALOGING SOURCE |
| Transcribing agency |
KH8 |
| 082 ## - DEWEY DECIMAL CLASSIFICATION NUMBER |
| Classification number |
570 JON |
| 100 ## - MAIN ENTRY--PERSONAL NAME |
| Personal name |
Jones, Mary |
| Relator term |
author |
| 245 ## - TITLE STATEMENT |
| Title |
Cambridge international as/a level biology revision guide / |
| Statement of responsibility, etc. |
Mary Jones |
| 260 ## - PUBLICATION, DISTRIBUTION, ETC. |
| Name of publisher, distributor, etc. |
Hodder Education, |
| Date of publication, distribution, etc. |
2015. |
| 505 ## - FORMATTED CONTENTS NOTE |
| Formatted contents note |
AS: topics1: Cell structure2: Biological molecules3: Enzymes4: Cell membranes and transport5: The mitotic cell cycle6: Nucleic acids and protein synthesis7: Transport in plants8: Transport in mammals9: Gas exchange and smoking10: Infectious disease11: ImmunityAS: experimental skills and investigationsAS: exam-style questions and answersA level: topics12: Energy and respiration13: Photosynthesis14: Homeostasis15: Control and coordination16: Inherited change17: Selection and evolution18: Biodiversity, classification and conservation19: Genetic technologyA level: experimental skills and investigationsA level: exam-style questions and answersNow test yourself: answers |
| 650 ## - SUBJECT ADDED ENTRY--TOPICAL TERM |
| Topical term or geographic name entry element |
Biology -- Examinations -- Study guides. |
| 650 ## - SUBJECT ADDED ENTRY--TOPICAL TERM |
| Topical term or geographic name entry element |
Biology -- Examinations. |
| 942 ## - ADDED ENTRY ELEMENTS (KOHA) |
| Source of classification or shelving scheme |
|
| Koha item type |
Books - Non Ficton |